000 00288nam a22000857a 4500
008 211216b ||||| |||| 00| 0 eng d
100 _aRobert A Siegel
245 _aThe A Murl Kimmel Collection
_bUnion Patriotic Covers and Confederate States
650 _aUnion Patriotic Covers|Confederate States
999 _c3238
_d3238